Trends in Nanoscale mechanics : (Record no. 126311)
[ view plain ]
| 000 -LEADER | |
|---|---|
| fixed length control field | 00549cam a2200157 4500 |
| 008 - FIXED-LENGTH DATA ELEMENTS--GENERAL INFORMATION | |
| fixed length control field | 151120n 000 0 eng u |
| 020 ## - INTERNATIONAL STANDARD BOOK NUMBER | |
| International Standard Book Number | 9789401792622 |
| 035 ## - SYSTEM CONTROL NUMBER | |
| System control number | (Sirsi) a194187 |
| 050 ## - LIBRARY OF CONGRESS CALL NUMBER | |
| Classification number | TA 418.9 .N35 TRE 2014 |
| 245 ## - TITLE STATEMENT | |
| Title | Trends in Nanoscale mechanics : |
| Remainder of title | mechanics of carbon nanotubes, graphene, nanocomposites and molecular dynamics/ |
| Statement of responsibility, etc. | edited by Vasyl Harik |
| 260 ## - PUBLICATION, DISTRIBUTION, ETC. | |
| Place of publication, distribution, etc. | Washington D.C.: |
| Name of publisher, distributor, etc. | Springer, |
| Date of publication, distribution, etc. | 2014 |
| 300 ## - PHYSICAL DESCRIPTION | |
| Extent | xiii, 226p.: |
| Other physical details | ill. |
| 650 ## - SUBJECT ADDED ENTRY--TOPICAL TERM | |
| Topical term or geographic name entry element | Nanostructural materials |
| 650 ## - SUBJECT ADDED ENTRY--TOPICAL TERM | |
| Topical term or geographic name entry element | Micromachanics |
| 700 ## - ADDED ENTRY--PERSONAL NAME | |
| Personal name | Harik, Vasyl |
| Withdrawn status | Lost status | Source of classification or shelving scheme | Damaged status | Not for loan | Home library | Current library | Shelving location | Total Checkouts | Full call number | Barcode | Date last seen | Copy number | Price effective from | Koha item type |
|---|---|---|---|---|---|---|---|---|---|---|---|---|---|---|
| Library of Congress Classification | Main Library | Main Library | On Shelf | TA 418.9 .N35 TRE 2014 | 33729005302125 | 08/22/2019 | 1 | 08/22/2019 | Book |